Connecting founding and dissolution: A demographic study of the US nonprofit sector (Record no. 530157)

000 -LEADER
fixed length control field 01494nam a22001337a 4500
008 - FIXED-LENGTH DATA ELEMENTS--GENERAL INFORMATION
fixed length control field 250529b ||||| |||| 00| 0 eng d
100 ## - MAIN ENTRY--PERSONAL NAME
Personal name Mayer, Duncan J.
245 ## - TITLE STATEMENT
Title Connecting founding and dissolution: A demographic study of the US nonprofit sector
260 ## - PUBLICATION, DISTRIBUTION, ETC. (IMPRINT)
Place of publication, distribution, etc Public Administration Review
300 ## - PHYSICAL DESCRIPTION
Extent 85(2), Mar, 2025: p.296-307
520 ## - SUMMARY, ETC.
Summary, etc Despite a rich literature on nonprofit density, the founding and dissolution of nonprofit organizations remains poorly understood. This study explores the founding and dissolution in nonprofit populations including density dependence, resource concentration, government size, and hypothesizes that dissolution creates an entrepreneurial opportunity. The hypotheses are tested using county level data covering the continental US from 2010 to 2016 (N = 21,756). The results show government size, competition, and resource concentration are important for understanding founding and dissolution, and establishes strong support for a link between the events: a one standard deviation increase in the number of dissolutions in a county predicts an increase of 1.5% (CI: .72–2.31) in the nonprofit founding rate. The study highlights ways for public officials to support nonprofit entrepreneurship and calls for renewed interest in ecological applications in contemporary nonprofit populations.- Reproduced

https://onlinelibrary.wiley.com/doi/10.1111/puar.13825
773 ## - HOST ITEM ENTRY
Main entry heading Public Administration Review
942 ## - ADDED ENTRY ELEMENTS (KOHA)
Item type Articles
Holdings
Withdrawn status Lost status Source of classification or shelving scheme Damaged status Not for loan Permanent location Current location Date acquired Serial Enumeration / chronology Barcode Date last seen Koha item type
          Indian Institute of Public Administration Indian Institute of Public Administration 2025-05-29 85(2), Mar, 2025: p.296-307 AR135976 2025-05-29 Articles

Powered by Koha